Stati per Percentuale di Energia elettrica da Fonti rinnovabili - Statistics

Statistiche generali
  • Questo quiz è stato fatto 4 volte
  • Il punteggio medio è 3 su 10
Statistiche sulle risposte
Produzione da fonti rinnovabili (%) Continente Nazione % Corretto
100 Europa Islanda
67%
99,1 Europa Norvegia
67%
100 America del Sud Paraguay
67%
100 America del Nord Costa Rica
33%
99,8 Africa eSwatini
33%
99,8 Africa Lesotho
33%
100 Europa Albania
0%
100 Asia Bhutan
0%
100 Africa Etiopia
0%
100 Asia Nepal
0%
Nessun quiz corrispondente trovato
Distribuzione punteggi
Percentuale di utenti per punteggio
Percentile per numero di risposta
I tuoi punteggi nel tempo
Non hai fatto questo quiz